000 00875nam a2200253Ia 4500
003 OSt
005 20220923224110.0
006 a|||||r|||| 00| 0
007 ta
008 220922b |||||||| |||| 00| 0 hin d
024 _a225,616
037 _cTextual
040 _aARTS
_cARTS
_bhin
041 _2hin
_ahin
082 _aO152,6N06x, P4
100 _aद्विवेदी, हजारीप्रसाद
245 0 _aभाषा, साहित्य और देश
246 _aBhāṣhā, sāhitya aur desha
260 _aनयी दिल्ली
_b भारतीय ज्ञानपीठ
_c2004
300 _a190पृ.
_ccm.
650 _aहिन्दी साहित्य
_9156264
942 _hO152,6N06x, P4
_cTEXL
_2CC
999 _c369208
_d369208